Kader bizi una değil üne itti: (Record no. 12657)

MARC details
000 -BAŞLIK
Sabit Uzunlukta Kontrol Alanı 00876nam a22002537a 4500
999 ## - SİSTEM KONTROL NUMARALARI (KOHA)
Koha Biblionumber 12657
Koha Biblioitemnumber 12657
003 - KONTROL NUMARASI IDENTIFIER
Denetim Alanı MIRAKIL
005 - SON İŞLEM TARİHİ VE ZAMANI
Denetim Alanı 20190204122432.0
008 - SABİT-BOY VERİ ELEMANLARI - GENEL BİLGİLER
Sabit Uzunlukta Kontrol Alanı 190204b tu ||||| |||| 00| 0 tur d
020 ## - ULUSLARARASI STANDART KİTAP NUMARASI
Uluslararası Standart Kitap Numarası 9758454013
040 ## - KATALOGLAMA KAYNAK
Orijinal Kataloglama Ajansı TR-AnCHP
Metne Dönüştürmek Ajansı TR-AnCHP
041 ## - DİL KODU
Metin / Ses Parça Veya Ayrı Başlığın Dil Kodu tur
082 ## - DEWEY ONLU SINIFLANDIRMA NUMARASI
Sınıflandırma Numarası 320.092
Ürün Numarası C44k 2000
100 1# - ANA GİRİŞ - KİŞİSEL İSİM
Kişisel Ad Cılızoğlu, Tanju
245 00 - BAŞLIK TABLOSU
Başlık Kader bizi una değil üne itti:
Başlığın Kalan Çağlayangil'in anıları, Çağlayangil'le anılar/
Sorumluluk Tablosu, Vb Tanju Cılızoğlu.
246 30 - UNVAN FORM VARYING
Başlık Doğru / Kısa Başlığı Çağlayangil'in anıları
246 30 - UNVAN FORM VARYING
Başlık Doğru / Kısa Başlığı Çağlayangil'le anılar.
260 ## - YAYIN, DAĞITIM, VB
Yayın, Dağıtım, Vb Yeri İstanbul:
Yayıncı, Dağıtıcı, Vs Adı Büke Yayınları,
Yayın, Dağıtım, Vb Tarihi 2000.
300 ## - FİZİKSEL TANIM
Kapsam 439 s.:
Diğer Fiziksel Ayrıntıları fotğ.;
Boyutlar 21 sm.
440 #0 - SERİSİ TABLOSU / KATMA GİRİŞİ - BAŞLIK
Başlık Büke Yayınları.
-- Yakın Tarihimizden Portreler;
Hacim / Ardışık Tanımı 2000/2.
504 ## - KAYNAKÇA VB NOT
Kaynakça Vb Notu Dizin vardır.
600 10 - KONU KATMA GİRİŞ - KURUMSAL ADI
Kişisel Ad Çağlayangil, İhsan Sabri,
Bir Adıyla İlişkilendirilen Tarihler 1908-1994.
Genel Alt Bölümü Anılar
650 #0 - KONU KATMA GİRİŞ - TOPİKAL DÖNEM
Topikal Süreli Veya Coğrafi Ad Giriş Elemanı Siyasetçiler
Coğrafi Alt Bölümü Türkiye
9 (RLIN) 5055
Genel Alt Bölümü Yaşamöyküsü
942 ## - EKLENDİ GİRİŞ ELEMANLARI (KOHA)
Sınıflandırma Veya Raf Düzeni Kaynak Dewey Decimal Classification
Koha Öğesi Türü Books
Holdings
Kalıcı Konum Mevcut Konum Edinme Tarihi Edinim Kaynak Toplam Check-Out'Lar Tam Çağrı Numarası Barkod Tarih Son Görülme İtibaren Geçerli Fiyatlar Sigara Kamu Notu Koha Öğesi Türü
CHP Kütüphanesi CHP Kütüphanesi 02/04/2019 Bağış   320.092 C44k 2000 018765 02/04/2019 02/04/2019 Ertuğrul Çepni bağışıdır. Books